| 000 | 00799nam a2200241 a 4500 | ||
|---|---|---|---|
| 001 | 539 | ||
| 003 | BR-CuiBMT | ||
| 005 | 20231108224135.0 | ||
| 008 | 231108s2014 mgb 000 0 por d | ||
| 020 | _a9788577008087 | ||
| 040 |
_aBR-CuiBMT _cBR-CuiBMT |
||
| 080 |
_22007 _a35.077.3 |
||
| 090 |
_a35.077.3 _bS729s |
||
| 100 | 1 | _aSouza, Patrícia Verônica Nunes Carvalho Sobral de | |
| 245 | 0 |
_aSegurança jurídica no processo administrativo disciplinar / _cPatrícia Verônica Nunes Carvalho Sobral de Souza ; Benjamin Zymler, prefácio. |
|
| 260 |
_aBelo Horizonte : _bFórum, _c2014. |
||
| 300 |
_a179 p.: _c21 cm |
||
| 504 | _aInclui bibliografia. | ||
| 650 | _aProcesso administrativo | ||
| 650 | _aProcesso administrativo disciplinar | ||
| 650 | _aSegurança jurídica | ||
| 942 |
_2udc _cLV |
||
| 999 |
_c539 _d539 |
||